| 000 | 00522nom a22001937a 4500 | ||
|---|---|---|---|
| 005 | 20220609171333.0 | ||
| 008 | 161205b xxu||||| |||| 00| 0 spa d | ||
| 041 | _aSPA | ||
| 082 | _aEtapas del embrión | ||
| 245 | _aEtapas del embrión | ||
| 260 | _c2016 | ||
| 500 | _aSe prestan para el mismo día, hasta las 7:50 pm | ||
| 650 |
_aREPRODUCCIÓN HUMANA _927963 |
||
| 650 |
_aDESARROLLO HUMANO _97971 |
||
| 650 |
_aGESTACIÓN _963619 |
||
| 650 |
_aFETO _925398 |
||
| 650 |
_aMODELOS ANATÓMICOS _963620 |
||
| 942 | _cMA | ||
| 999 |
_c8772 _d8772 |
||